000 01611cam a22004818i 4500
999 _c64422
_d64422
001 19855392
003 CO-MdFUSB
005 20190202100247.0
008 170731s2017 nyua g b 001 0 eng
010 _a 2017027809
020 _a9780567566768 (hb : alk. paper)
020 _a9780567266149 (pb : alk. paper)
040 _aDLC
_bspa
_erda
_cCO-MdFUSB
_dCO-MdFUSB
041 _aeng
042 _apcc
082 0 0 _224
_aG 230.044
_bR287r
245 0 0 _aReading Christian theology in the Protestant tradition
_c/ editado por Kelly M. Kapic y Hans Madueme.
250 _a1 [edition].
263 _a1801
264 1 _aNew York :
_bBloomsbury Academic,
_c℗2017
264 4 _c©2017
300 _a799 páginas, ilustraciones ;
_c23 cm
336 _2rdacontent
_atexto
_btxt
337 _2rdamedia
_asin mediación
_bn
338 _2rdacarrier
_avolumen
_bnc
505 _aEl período de la iglesia primitiva -- El período medieval -- El período de la reforma -- Los siglos XVII y XVIII -- Los siglos XIX y XX
650 7 _aTeología doctrinal
_2
_9179
700 1 _aKapic, Kelly M.,
_d1972-
_eeditor.
720 _aBarshinger, David P.
720 _aBray, Gerald
720 _aGunter, Stephen
720 _aHughs, Amy Brown
720 _aKalantzis, George
720 _aMadueme, Hans
720 _aStjerna, Kirsi
720 _aSweeney, Douglas A.
720 _aVander Lugt, Wes
906 _a7
_bcbc
_corignew
_d1
_eecip
_f20
_gy-gencatlg
942 _cBK